000 00915nam a2200193 4500
999 _c63830
_d63830
003 Ge_BSU
005 20260129161203.0
008 260129s1961 ge ||||| |||| 00| 0 geo d
041 _ageo
080 _a621.311.1(47+57) მ-54
100 _aმელქაძე, ვალერიან
_926759
245 _aქვეყნის ელექტროფიკაციის ლენინური გეგმა : გოელროს 40 წელი /
_cვალერიან მელქაძე.
264 _aთბ. :
_bსაბჭ. საქართველო,
_c1961.
300 _a85 გვ. ;
_b20 სმ.
504 _aბიბლიოგრ. შენიშვნებში.
653 _aსსრ კავშირის ელექტრიფიკაციის ლენინური გეგმა.
653 _aგოელრო
942 _2udc
_cᲬᲘᲒᲜᲘ